Marketing estratégico: casos Latinoamericanos
Spremljeno u:
| Glavni autor: | |
|---|---|
| Format: | Knjiga |
| Jezik: | španjolski |
| Izdano: |
Santiago
LCA
2001
|
| Izdanje: | 1a. ed |
| Teme: | |
| Oznake: |
Dodaj oznaku
Bez oznaka, Budi prvi tko označuje ovaj zapis!
|
MARC
| LEADER | 00000cam a2200000 a 4500 | ||
|---|---|---|---|
| 001 | UCD8964 | ||
| 003 | CL-VaPUC | ||
| 008 | 170527e20010000cl |||||||||||||||||spa|d | ||
| 020 | |a 9562912361 | ||
| 082 | 0 | 4 | |a 658.8 |b LIB |2 21 |
| 100 | 0 | |a Liberman Yaconi, Sammy |e author |9 592591 | |
| 245 | 1 | 0 | |a Marketing estratégico: casos Latinoamericanos |
| 250 | |a 1a. ed | ||
| 300 | |a 281 p | ||
| 942 | |c BK | ||
| 945 | |d 20170527 00:32:00 |a arojas | ||
| 260 | |a Santiago |b LCA |c 2001 | ||
| 650 | 0 | |a Marketing estratégico |9 358049 | |
| 650 | 0 | |a Economía |9 255568 | |
| 650 | 0 | |a Consumidores |9 315658 | |
| 650 | 0 | |a Comercialización |9 259326 | |
| 583 | |a last modification |c 20170527 00:32:00 |k Rodrigo Vera | ||
| 999 | |c 368270 |d 368268 | ||